The receipts and expenditure method of valuation for non-domestic rating (Record no. 96448)
[ view plain ]
| 000 -LEADER | |
|---|---|
| fixed length control field | 01242cam a2200337 4500 |
| 008 - FIXED-LENGTH DATA ELEMENTS--GENERAL INFORMATION | |
| fixed length control field | 090401t1997 xxu||||| |||| 00| 0 eng d |
| 020 ## - INTERNATIONAL STANDARD BOOK NUMBER | |
| International Standard Book Number | 0854068333 |
| 035 ## - SYSTEM CONTROL NUMBER | |
| System control number | (Sirsi) u78426 |
| 041 0# - LANGUAGE CODE | |
| Language code of text/sound track or separate title | eng |
| 050 04 - LIBRARY OF CONGRESS CALL NUMBER | |
| Classification number | 336.21 $2 18 |
| 110 2# - MAIN ENTRY--CORPORATE NAME | |
| Corporate name or jurisdiction name as entry element | Incorporated Society of Valuers and Auctioneers |
| 9 (RLIN) | 1201 |
| 245 04 - TITLE STATEMENT | |
| Title | The receipts and expenditure method of valuation for non-domestic rating |
| Remainder of title | a guidance note |
| Medium | [archived] |
| 260 ## - PUBLICATION, DISTRIBUTION, ETC. | |
| Place of publication, distribution, etc. | London |
| Name of publisher, distributor, etc. | RICS |
| Date of publication, distribution, etc. | 1997 |
| 300 ## - PHYSICAL DESCRIPTION | |
| Extent | 27p. |
| Dimensions | 30cm. |
| 350 ## - PRICE (NR) (BK AM CF MU VM SE) [OBSOLETE] | |
| Price | 10 |
| 520 ## - SUMMARY, ETC. | |
| Summary, etc. | Sets out best practice for the method of valuation previously known as profits basis. |
| 520 ## - SUMMARY, ETC. | |
| Summary, etc. | Archived and no longer a current document. |
| 650 24 - SUBJECT ADDED ENTRY--TOPICAL TERM | |
| Topical term or geographic name entry element | RECEIPTS AND EXPENDITURE VALUATION METHOD |
| 650 24 - SUBJECT ADDED ENTRY--TOPICAL TERM | |
| Topical term or geographic name entry element | RATING |
| 651 #4 - SUBJECT ADDED ENTRY--GEOGRAPHIC NAME | |
| Geographic name | England and Wales |
| 690 ## - LOCAL SUBJECT ADDED ENTRY--TOPICAL TERM (OCLC, RLIN) | |
| Topical term or geographic name as entry element | Valuation |
| 9 (RLIN) | 6273 |
| 710 2# - ADDED ENTRY--CORPORATE NAME | |
| Corporate name or jurisdiction name as entry element | Joint Professional Institutions' Rating Valuation Forum. |
| 9 (RLIN) | 972 |
| 710 2# - ADDED ENTRY--CORPORATE NAME | |
| Corporate name or jurisdiction name as entry element | Institute of Revenues, Rating and Valuation |
| 9 (RLIN) | 2992 |
| 710 2# - ADDED ENTRY--CORPORATE NAME | |
| Corporate name or jurisdiction name as entry element | Valuation Office |
| 9 (RLIN) | 264 |
| 710 2# - ADDED ENTRY--CORPORATE NAME | |
| Corporate name or jurisdiction name as entry element | Royal Institution of Chartered Surveyors |
| 9 (RLIN) | 4900 |
| 710 2# - ADDED ENTRY--CORPORATE NAME | |
| Corporate name or jurisdiction name as entry element | Valuation and Lands Agency |
| 9 (RLIN) | 966 |
| 710 2# - ADDED ENTRY--CORPORATE NAME | |
| Corporate name or jurisdiction name as entry element | Rating Surveyors' Association |
| 9 (RLIN) | 2328 |
| 710 2# - ADDED ENTRY--CORPORATE NAME | |
| Corporate name or jurisdiction name as entry element | Scottish Assessors' Association |
| 9 (RLIN) | 968 |
| 942 ## - ADDED ENTRY ELEMENTS (KOHA) | |
| Suppress in OPAC | 0 |
| Source of classification or shelving scheme | Dewey Decimal Classification |
| 948 ## - LOCAL PROCESSING INFORMATION (OCLC); SERIES PART DESIGNATOR (RLIN) | |
| c (OCLC) | 20/05/1997 |
| Withdrawn status | Lost status | Source of classification or shelving scheme | Damaged status | Not for loan | Home library | Current library | Shelving location | Date acquired | Cost, normal purchase price | Total Checkouts | Full call number | Barcode | Date last seen | Copy number | Cost, replacement price | Price effective from | Koha item type | Date last checked out |
|---|---|---|---|---|---|---|---|---|---|---|---|---|---|---|---|---|---|---|
| Dewey Decimal Classification | London | London | RICS Boxes | 14/09/1999 | 10.00 | RICS 1997/52 | 30053537 | 06/08/2019 | 1 | 10.00 | 06/08/2019 | Archive | ||||||
| Dewey Decimal Classification | London | London | RICS Boxes | 02/10/2006 | RICS 1997/52 | 30053538 | 06/08/2019 | 2 | 06/08/2019 | Reference material | ||||||||
| Dewey Decimal Classification | London | London | RICS Boxes | 14/09/1999 | 10.00 | 24 | RICS 1997/52 | 30053539 | 02/01/2024 | 3 | 10.00 | 06/08/2019 | Book | 14/10/2009 |